000 00694nam a22001937a 4500
003 AR-RoUNCS
005 20251031101645.0
008 251031t2015 ag ||||| |||| 00| 0 spa d
020 _a978-987-702-109-7
040 _cAR-RoUNCS
100 1 _aFaccendini, Aníbal Ignacio
_eautor
245 1 3 _aLa escasez social del agua :
_bcuestión de lesa ambientalidad /
_cAníbal Ignacio Faccendini ; prefacios, Leonardo Boff, Fabián Bicciré
260 _aRosario :
_bUNR Editora,
_c2015
300 _a189 p. :
_c23 cm.
500 _aSubtítulo: La administración pública del bien común y la administración estatal.
650 4 _aMEDIO AMBIENTE
650 4 _aPOLÍTICA AMBIENTAL
942 _2udc
_cOG
_n0
999 _c671
_d671